Crítica de un postulado teológico (Registro nro. 70181)
[ vista simple ]
| 000 -LÍDER | |
|---|---|
| Campo fijo de descripción fija | 01088nab a22002297i 4500 |
| 001 - NÚMERO DE CONTROL | |
| Campo de control | 768714001 |
| 003 - IDENTIFICADOR DEL NÚMERO DE CONTROL | |
| Campo de control | CO-MdFUSB |
| 005 - FECHA Y HORA DE LA ULTIMA TRANSACCIÓN | |
| control field | 20240612171228.0 |
| 008 - ELEMENTOS DE LONGITUD FIJA -- INFORMACIÓN GENERAL | |
| Campo fijo de descripción fija -- Información general | 240612t1963 sp ||||| |||| 00| 0 spa d |
| 040 ## - FUENTE DE CATALOGACIÓN | |
| Idioma de catalogación | spa |
| Agencia que realiza la transcripción | CO-MdFUSB |
| Agencia que realiza la modificación | CO-MdFUSB |
| 041 ## - CÓDIGO DE IDIOMA | |
| Código de idioma para texto/pista de sonido o título separado | spa |
| 100 ## - ASIENTO PRINCIPAL--NOMBRE PERSONAL | |
| Nombre personal | Pereña Luis, Jesus, |
| Término relacionador | autor |
| 245 ## - TÍTULO | |
| Título | Crítica de un postulado teológico |
| Mención de responsabilidad | / Jesús Pereña Luis |
| 520 ## - NOTA DE RESUMEN, ETC. | |
| Nota de sumario, etc. | La doctrina del Angélico, es aquí tan clara que cualquier desviación o adición a su pensamiento nos parece casi incomprensible.<br/>Este artículo simplemente considera las causas que han originado tanta confusión en un pasaje del Tratado de la Ciencia Divina, que Santo Tomás dejó muy claramente ordenado en muchos lugares. |
| 650 #7 - ASIENTO SECUNDARIO DE MATERIA - TERMINO TEMÁTICO | |
| Término temático o nombre geográfico como elemento de entrada | Teología dogmática |
| 9 (RLIN) | 6937 |
| 650 #7 - ASIENTO SECUNDARIO DE MATERIA - TERMINO TEMÁTICO | |
| Término temático o nombre geográfico como elemento de entrada | Dios |
| 9 (RLIN) | 178 |
| 650 #7 - ASIENTO SECUNDARIO DE MATERIA - TERMINO TEMÁTICO | |
| Término temático o nombre geográfico como elemento de entrada | Fe |
| 9 (RLIN) | 531 |
| 653 ## - TÉRMINO DE INDIZACIÓN - NO CONTROLADO | |
| Término no controlado | Doctrina de Santo Tomás |
| 773 0# - ASIENTO DE ITEM FUENTE | |
| Biblionumber | 70126 |
| Itemnumber | 82758 |
| Lugar, editorial y fecha de publicación | Salamanca, España : |
| Otro identificador del ítem | R2633 |
| Título | Salmanticensis |
| Número de control del registro | (CO-MdFUSB)768714001 |
| Parte(s) relacionada(s) / Volumen., número. (mes año), páginas | Volumen 10, (fascículo 3, 1963) páginas: 635 - 656 |
| Enumeración y primera página | página: 635 |
| 942 ## - TIPO DE MATERIAL (KOHA) | |
| Tipo de Item KOHA | Artículos de Revista |
| 945 ## - INFORMACIÓN LOCAL DEL REGISTRO | |
| Catalogador | Catherine Arias Álvarez - Practicante SENA |
No hay ítems disponibles.
